00616nam a2200205 a 450000100100000000500170001000800410002702000150006804000250008308200170010810000390012524500630016426000390022730000210026650000380028765000280032565000310035304900090038499900170039300002280120200930021814.0101118s1973 sp r 000 f spa d a8428702438 aDO-SdBNPbspacBNPHU a863.64bZ95h1 aZunzunegui, Juan Antonio de94684313aLa hija malograda :bnovela /cJuan Antonio de Zunzunegui. aMadrid :bPresa Española,c1973. a476 p. ;c21 cm. aIncluye notas al pie de páginas 4aNovela española91123 4aLiteratura española9632 aBNGR c22298d22298